000
00464nam a2200133Ia 4500
008
100328s9999 xx 000 0 und d
082
_b
33612
100
_a
मोहाडीकर लिना
245
_a
कामविश्व संसारिकांचे
260
_b
मेनका
630
_a
कामविश्व संसारिकांचे
730
_a
कामविश्व संसारिकांचे
942
_c
BOOK
999
_c
524003
_d
524000